Actas. XIII Congreso Argentino de la Ciencia del Suelo /
Guardado en:
| Autores Corporativos: | , |
|---|---|
| Formato: | Libro |
| Idioma: | Spanish |
| Publicado: |
[Buenos Aires] :
Asociación Argentina de la Ciencia del Suelo,
1991.
|
| Etiquetas: |
Agregar Etiqueta
Sin Etiquetas, Sea el primero en etiquetar este registro!
|
| LEADER | 00665nam a22001455a 4500 | ||
|---|---|---|---|
| 001 | EEA.libagro010145 | ||
| 005 | 20160923093214.0 | ||
| 008 | 130809s1991####ag#a##########100#0#spa#d | ||
| 082 | 0 | 4 | |a 631.4 |
| 111 | 2 | |a Congreso Argentino de la Ciencia del Suelo |n (13 : |d 8 al 12 de abril de 1991 : |c San Carlos de Bariloche) | |
| 245 | 1 | 0 | |a Actas. XIII Congreso Argentino de la Ciencia del Suelo / |c Asociación Argentina de la Ciencia del Suelo. |
| 260 | |a [Buenos Aires] : |b Asociación Argentina de la Ciencia del Suelo, |c 1991. | ||
| 300 | |a 252 p. : |b il. ; |c 28 cm. | ||
| 710 | 2 | |a Asociación Argentina de la Ciencia del Suelo. | |
| 859 | |a AR-BbBCA |b BIB. AGRONOMIA |h 631.4 |i C749 13 1991 |p 2014/6448 | ||
